000 01107cam a22002651i 4500
003 SA-RiAUC
005 20260307120456.0
008 260224s1905 ua g 000r0 ara c
040 _aSA-RiAUC
_bara
_cSA-RiAUC
_erda
082 0 4 _a258.2
_qSA-RiAUC
090 _aم ن 258.2
_bف ا ل
100 1 _aفالح الظاهري، محمد فالح بن محمد،
_d1258-1328 هجري
_eمؤلف.
245 1 0 _aصحائف العامل بالشرع الكامل /
_cتأليف فالح بن محمد المهنوي الظاهري المدني.
264 1 _aالقاهرة :
_b[الناشر غير محدد]،
_c[1905]
264 3 _a[مكان الطبع غير محدد] :
_bمطبعة الجمهور
300 _a43 صفحة ؛
_c28 سم
336 _aنص
_btxt
_2rdacontent
_3كتاب
337 _aبدون وسيط
_bn
_2rdamedia
338 _aمجلد
_bnc
_2rdacarrier
650 7 _aالفقه المالكي
_2aucsh
650 7 _aالفقه السني
_2aucsh
650 7 _aالفقه الإسلامي
_xمذاهب
_2aucsh
942 _2ddc
_cRBOOK COPY
_n0
949 _aSA-JeALM
_d260224
_umohamedma123
_n1
999 _c14513
_d14513